Countries Contained in SAINT VINCENT AND THE GRENADINES - Statistics

General Stats
  • This quiz has been taken 107 times
  • The average score is 6 of 13
Answer Stats
country % Correct
Grenada
76%
India
65%
Iran
53%
Canada
49%
Greece
44%
Niger
44%
Nigeria
43%
Chad
38%
China
38%
Saint Vincent and the Grenadines
37%
Haiti
34%
Argentina
33%
Ghana
30%
No matching quizzes found
Score Distribution
Percent of People with Each Score
Percentile by Number Answered
Your Score History
You have not taken this quiz